| Поле | Инд. | ПП | Название | Значение |
|---|---|---|---|---|
| Тип записи | a | |||
| Библиографический уровень | b | |||
| 001 | Контрольный номер | RU/IS/BASE/145644090 | ||
| 005 | Дата корректировки | 20200522190840.0 | ||
| 008 | Кодируемые данные | 20040812 | ||
| 084 | a | Индекс другой классификации/Индекс ББК | 65.428(2Рос)в6 | |
| a | Индекс другой классификации/Индекс ББК | 65.59(2Рос) | ||
| 100 | 1_ | a | Автор | Бабецкая-Кухарчук О. А. |
| 245 | a | Заглавие | Роль рыночных институтов в процессе интеграции России в мировую экономику | |
| 504 | a | Библиография | Лит.: с. 222 - 224. - Примеч. | |
| 520 | a | Аннотация | "Предметом работы является оценка влияния институциональных переменных на торговлю с целью измерения торгового потенциала России. Последний расчитывается при помощи гравитационной модели, предложенной Андерсоном и ван Винкупом (2003). Показано, что торговый потенциал России неестественно занижен." | |
| 650 | a | Основная рубрика | внешнеэкономическая деятельность | |
| a | Основная рубрика | внешняя торговля | ||
| a | Основная рубрика | торговля | ||
| a | Основная рубрика | экономика | ||
| 653 | a | Ключевые слова | "черный" рынок | |
| a | Ключевые слова | банковско-финансовый сектор | ||
| a | Ключевые слова | Белоруссия | ||
| a | Ключевые слова | Всемирная торговая организация (ВТО) | ||
| a | Ключевые слова | государственное регулирование экономики | ||
| a | Ключевые слова | гравитационная модель | ||
| a | Ключевые слова | Европейский союз (ЕС) | ||
| a | Ключевые слова | иностранные инвестиции | ||
| a | Ключевые слова | институциональные преобразования | ||
| a | Ключевые слова | Казахстан | ||
| a | Ключевые слова | кредитно-денежная политика | ||
| a | Ключевые слова | либерализация экономики | ||
| a | Ключевые слова | мировая торговля | ||
| a | Ключевые слова | мировая экономика | ||
| a | Ключевые слова | модель Андерсона и ван Винкупа | ||
| a | Ключевые слова | модель торговых потоков | ||
| a | Ключевые слова | объем торговли | ||
| a | Ключевые слова | право собственности | ||
| a | Ключевые слова | реструктуризация экономики | ||
| a | Ключевые слова | Россия | ||
| a | Ключевые слова | рыночная экономика | ||
| a | Ключевые слова | Содружество Независимых Государств (СНГ) | ||
| a | Ключевые слова | торговая политика | ||
| a | Ключевые слова | торговые барьеры | ||
| a | Ключевые слова | торговые потоки | ||
| a | Ключевые слова | Украина | ||
| a | Ключевые слова | фискальное бремя | ||
| a | Ключевые слова | эконометрические исследования | ||
| a | Ключевые слова | экономическая интеграция | ||
| a | Ключевые слова | экономическая открытость | ||
| a | Ключевые слова | экономические реформы | ||
| a | Ключевые слова | экономический рост | ||
| a | Ключевые слова | эффект границ МакКаллома | ||
| 700 | a | Автор | Морель М. | |
| 773 | t | Заглавие источника | Экономический журнал ВШЭ | |
| d | Дата издания источника | 2004 | ||
| g | Прочая информация | Т. 8, № 2. - С. 197 - 221 : эконом. расчет., табл., схем. | ||
| w | Контрольный № источника | RU/IS/BASE/142089490 | ||
| 901 | t | Тип документа | b |